[Event "Groningen Chess Festival 2007"]
[Site "Groningen NED"]
[Date "2007.12.21"]
[Round "1.1"]
[White "Kodentsov, Grisja"]
[Black "Banikas, Hristos"]
[Result "0-1"]
[PlyCount "118"]
[EventDate "2007.12.21"]
[EventType "swiss"]
[EventRounds "9"]
[EventCountry "NED"]
[Source "lmi"]
[SourceDate "2007.12.21"]
[WhiteElo "2307"]
[BlackElo "2591"]

1. e4 c5 2. Nf3 d6 3. d4 Nf6 4. Nc3 cxd4 5. Nxd4 a6 6. Bc4 e6 7. Bb3 b5 8. O-O
Be7 9. Qf3 Qc7 10. Qg3 O-O 11. Bh6 Ne8 12. Rad1 Bd7 13. Nf3 a5 14. a4 b4 15.
Ne2 Na6 16. Nf4 Kh8 17. Bg5 Bxg5 18. Nxg5 Nc5 19. Rfe1 h6 20. Nf3 Bxa4 21. e5
Rd8 22. Bxa4 Nxa4 23. exd6 Rxd6 24. Rxd6 Qxd6 25. Ne5 Nc5 26. Nc4 Qa6 27. b3
Nf6 28. Qe3 Nb7 29. Ra1 Rd8 30. Nd3 Nd5 31. Qf3 f6 32. h3 Qb5 33. Qg4 e5 34.
Qg6 Rf8 35. Qf5 Re8 36. Qg6 Re7 37. Qg4 Kh7 38. h4 Re8 39. Qe4+ Kg8 40. Qg4 Kf8
41. Qf5 Ne7 42. Qh5 Nc6 43. Nf4 Nd4 44. Ng6+ Kg8 45. Qd1 Ra8 46. Qh5 Qe8 47.
Qg4 Nxc2 48. Rc1 Nd4 49. Nb6 f5 50. Qh5 Rd8 51. Rc7 Kh7 52. Nf8+ Qxf8 53. Rxb7
Qe8 54. Qxe8 Rxe8 55. Nd7 Kh8 56. Nc5 Rc8 57. Nd3 e4 58. Ne5 Nxb3 59. Ng6+ Kh7
0-1

[Event "Groningen Chess Festival 2007"]
[Site "Groningen NED"]
[Date "2007.12.21"]
[Round "1.2"]
[White "Halkias, Stelios"]
[Black "Kuipers, Stefan"]
[Result "1-0"]
[PlyCount "59"]
[EventDate "2007.12.21"]
[EventType "swiss"]
[EventRounds "9"]
[EventCountry "NED"]
[Source "lmi"]
[SourceDate "2007.12.21"]
[WhiteElo "2589"]
[BlackElo "2283"]

1. d4 d5 2. c4 c6 3. Nc3 Nf6 4. Nf3 e6 5. Bg5 Nbd7 6. cxd5 exd5 7. e3 Be7 8.
Bd3 O-O 9. Qc2 Re8 10. O-O h6 11. Bf4 Nf8 12. h3 Nh5 13. Bh2 g6 14. Ne5 Ng7 15.
Rab1 Bf5 16. b4 Nd7 17. b5 c5 18. dxc5 Rc8 19. Bxf5 Nxf5 20. Nxd7 Qxd7 21. e4
Nd4 22. Qd3 Bxc5 23. Nxd5 Kg7 24. Kh1 Qe6 25. f3 Red8 26. Rfd1 Kh7 27. Rbc1 b6
28. Bg1 Ne2 29. Qxe2 Bxg1 30. Rxg1 1-0

[Event "Groningen Chess Festival 2007"]
[Site "Groningen NED"]
[Date "2007.12.21"]
[Round "1.3"]
[White "Pel, Bonno"]
[Black "Mastrovasilis, Dimitrios"]
[Result "0-1"]
[PlyCount "88"]
[EventDate "2007.12.21"]
[EventType "swiss"]
[EventRounds "9"]
[EventCountry "NED"]
[Source "lmi"]
[SourceDate "2007.12.21"]
[WhiteElo "2280"]
[BlackElo "2559"]

1. Nc3 Nf6 2. d4 d5 3. Bg5 Nbd7 4. e3 h6 5. Bh4 e6 6. Bd3 c5 7. Nf3 c4 8. Be2
b5 9. Nd2 b4 10. Na4 Bb7 11. c3 Qa5 12. Qc2 Bc6 13. Bd1 Nb6 14. Nxb6 axb6 15.
O-O b5 16. cxb4 Bxb4 17. Nf3 Nd7 18. a3 Bd6 19. Nd2 Qb6 20. f4 b4 21. Bg4 b3
22. Qc3 O-O 23. e4 f5 24. exf5 exf5 25. Bh5 Nf6 26. Bxf6 Rxf6 27. Rae1 Qa5 28.
Nb1 Qa7 29. g3 g5 30. fxg5 hxg5 31. Qd2 Qg7 32. Bf3 g4 33. Bg2 f4 34. gxf4 Raf8
35. Re5 Qh6 36. Rg5+ Kh8 37. Rxg4 Bxf4 38. Rgxf4 Rxf4 39. Rxf4 Qxf4 40. Qd1 Re8
41. Nc3 Qe3+ 42. Kh1 Qe1+ 43. Bf1 Qxd1 44. Nxd1 Re1 0-1

[Event "Groningen Chess Festival 2007"]
[Site "Groningen NED"]
[Date "2007.12.21"]
[Round "1.4"]
[White "Nijboer, Friso"]
[Black "Burg, Twan"]
[Result "1-0"]
[PlyCount "53"]
[EventDate "2007.12.21"]
[EventType "swiss"]
[EventRounds "9"]
[EventCountry "NED"]
[Source "lmi"]
[SourceDate "2007.12.21"]
[WhiteElo "2559"]
[BlackElo "2275"]

1. e4 c5 2. Nf3 d6 3. c3 Nf6 4. h3 Nc6 5. Bd3 g6 6. O-O Bg7 7. Bc2 e5 8. d3 O-O
9. a3 d5 10. b4 cxb4 11. axb4 d4 12. b5 Ne7 13. Nxe5 Nxe4 14. Nxf7 Kxf7 15.
Bb3+ Ke8 16. dxe4 dxc3 17. Qc2 Bd7 18. Rd1 Qc7 19. Na3 Rd8 20. Bg5 h6 21. Nc4
Bxb5 22. Rxd8+ Qxd8 23. Rd1 Bd4 24. Be3 Nc6 25. e5 Bxc4 26. Bxc4 Rf5 27. Bb5
1-0

[Event "Groningen Chess Festival 2007"]
[Site "Groningen NED"]
[Date "2007.12.21"]
[Round "1.5"]
[White "Cooke, Eric"]
[Black "Ernst, Sipke"]
[Result "0-1"]
[PlyCount "90"]
[EventDate "2007.12.21"]
[EventType "swiss"]
[EventRounds "9"]
[EventCountry "NED"]
[Source "lmi"]
[SourceDate "2007.12.21"]
[WhiteElo "2253"]
[BlackElo "2539"]

1. d4 d5 2. c4 c6 3. Nc3 Nf6 4. Nf3 e6 5. Bg5 dxc4 6. e4 b5 7. e5 h6 8. Bh4 g5
9. Nxg5 hxg5 10. Bxg5 Be7 11. exf6 Bxf6 12. Bxf6 Qxf6 13. g3 Bb7 14. Bg2 Na6
15. Nxb5 O-O-O 16. Nc3 c5 17. Bxb7+ Kxb7 18. O-O cxd4 19. Ne4 Qf5 20. f3 Qd5
21. Rc1 Rc8 22. Qa4 Rc6 23. Rfd1 Rhc8 24. b3 cxb3 25. Rb1 e5 26. Rxb3+ Rb6 27.
Rdb1 Rcc6 28. Qa3 f5 29. Qe7+ Nc7 30. Nd2 Rc2 31. Rxb6+ axb6 32. Qb4 Qc6 33.
Rb2 Rc1+ 34. Kf2 Nd5 35. Qa3 Rh1 36. Nf1 Qc4 37. Re2 d3 38. Re1 d2 39. Rd1
Rxf1+ 40. Rxf1 Qxf1+ 41. Kxf1 d1=Q+ 42. Kg2 Qd2+ 43. Kh3 e4 44. fxe4 fxe4 45.
Qa4 e3 0-1

[Event "Groningen Chess Festival 2007"]
[Site "Groningen NED"]
[Date "2007.12.21"]
[Round "1.6"]
[White "Rotstein, Arkadij"]
[Black "Van Kampen, Robin Oscar"]
[Result "0-1"]
[PlyCount "150"]
[EventDate "2007.12.21"]
[EventType "swiss"]
[EventRounds "9"]
[EventCountry "NED"]
[Source "lmi"]
[SourceDate "2007.12.21"]
[WhiteElo "2534"]
[BlackElo "2252"]

1. Nf3 d5 2. b3 Nf6 3. Bb2 Bf5 4. d3 e6 5. Nbd2 Nbd7 6. g3 Bd6 7. Bg2 O-O 8.
O-O Bg6 9. Qe1 e5 10. e4 dxe4 11. dxe4 Qe7 12. a3 c6 13. Nh4 Rad8 14. Nc4 Bc5
15. Kh1 Rfe8 16. Rd1 b5 17. Na5 Nb8 18. b4 Rxd1 19. Qxd1 Bb6 20. Nxg6 hxg6 21.
Nb3 Nbd7 22. Qe2 Qe6 23. Rd1 Ng4 24. Rf1 Ngf6 25. Nc1 a5 26. Nd3 Qc4 27. f3
axb4 28. axb4 Ra8 29. Qd2 Ra2 30. Ra1 Rxa1+ 31. Bxa1 Qa2 32. Qd1 Bd4 33. Bxd4
exd4 34. Bh3 Nb6 35. Ne5 Nc4 36. Nxc4 Qxc4 37. Qd2 Nd7 38. Kg2 Nb6 39. Kf2 Na4
40. Bf1 Qc3 41. Qxc3 Nxc3 42. Ke1 Na2 43. Kd2 Nxb4 44. f4 Kf8 45. h4 Ke7 46. g4
Na2 47. e5 Nc3 48. Bg2 c5 49. Kd3 Ke6 50. Bc6 f6 51. exf6 Kxf6 52. Bd7 Kf7 53.
Bc6 Ke7 54. Bf3 Kd6 55. g5 Nd5 56. Ke4 Ne3 57. Kd3 Nf5 58. h5 gxh5 59. Bxh5 c4+
60. Kd2 b4 61. Bf7 Kc5 62. Be6 Nd6 63. Ke2 Ne4 64. Kf3 b3 65. cxb3 c3 66. b4+
Kxb4 67. Kxe4 c2 68. Kxd4 c1=Q 69. Ke5 Qc5+ 70. Ke4 Qe7 71. Kd5 Qd8+ 72. Ke5
Kc5 73. Kf5 Qd3+ 74. Ke5 Qd4+ 75. Kf5 Kd6 0-1

[Event "Groningen Chess Festival 2007"]
[Site "Groningen NED"]
[Date "2007.12.21"]
[Round "1.7"]
[White "Ringoir, Tanguy"]
[Black "Reinderman, Dimitri"]
[Result "1-0"]
[PlyCount "131"]
[EventDate "2007.12.21"]
[EventType "swiss"]
[EventRounds "9"]
[EventCountry "NED"]
[Source "lmi"]
[SourceDate "2007.12.21"]
[WhiteElo "2236"]
[BlackElo "2510"]

1. e4 c5 2. Nf3 Nc6 3. d4 cxd4 4. Nxd4 Nf6 5. Nc3 e5 6. Ndb5 d6 7. Bg5 a6 8.
Na3 b5 9. Bxf6 gxf6 10. Nd5 f5 11. c3 Bg7 12. exf5 Bxf5 13. Nc2 Be6 14. Nce3
Ne7 15. g3 Nxd5 16. Nxd5 O-O 17. Bg2 a5 18. O-O Rb8 19. Qe2 Kh8 20. a4 bxa4 21.
Rxa4 Bd7 22. Rh4 Qg5 23. f4 exf4 24. Nxf4 Be5 25. Rf2 a4 26. Be4 f5 27. Bd5
Rfe8 28. Qf3 Qg7 29. Qh5 Bxf4 30. Rhxf4 Re1+ 31. Kg2 Rb1 32. Qf3 R1xb2 33. Bc6
Rxf2+ 34. Kxf2 Rb2+ 35. Kf1 Bxc6 36. Qxc6 Qe5 37. Qf3 Qb5+ 38. Kg1 Qc5+ 39. Kf1
Qa3 40. Qa8+ Kg7 41. Rxa4 Rb1+ 42. Kg2 Qb2+ 43. Kh3 Qb8 44. Qd5 Rb5 45. Qd4+
Re5 46. Ra7+ Kg6 47. Rd7 d5 48. Rxd5 Rxd5 49. Qxd5 Qb2 50. Qe6+ Kg5 51. Qe3+
Kg6 52. c4 Qc2 53. c5 Qd1 54. Qe6+ Kg5 55. Qc4 Qd7 56. c6 Qc8 57. c7 f4+ 58.
Kg2 Qb7+ 59. Kf2 Qb2+ 60. Kf3 Qb7+ 61. Ke2 Qb2+ 62. Kd3 Qb1+ 63. Kd4 Qb2+ 64.
Kc5 Qa3+ 65. Kb6 Qd6+ 66. Qc6 1-0

[Event "Groningen Chess Festival 2007"]
[Site "Groningen NED"]
[Date "2007.12.21"]
[Round "1.8"]
[White "Li, Shilong"]
[Black "Hartoch, Robert G"]
[Result "1-0"]
[PlyCount "87"]
[EventDate "2007.12.21"]
[EventType "swiss"]
[EventRounds "9"]
[EventCountry "NED"]
[Source "lmi"]
[SourceDate "2007.12.21"]
[WhiteElo "2509"]
[BlackElo "2232"]

1. e4 d6 2. d4 Nf6 3. Nc3 g6 4. f4 Bg7 5. Nf3 O-O 6. e5 dxe5 7. fxe5 Nd5 8. Bc4
Nb6 9. Bb3 Bg4 10. Be3 Nc6 11. O-O Na5 12. Qd3 Nxb3 13. axb3 f6 14. exf6 exf6
15. d5 c6 16. d6 Bxf3 17. Rxf3 Rf7 18. Rd1 Nd7 19. Bf4 f5 20. Qd2 Qb6+ 21. Kh1
Re8 22. Na4 Qd8 23. b4 Bf6 24. Nc5 b6 25. Nxd7 Qxd7 26. c4 Re4 27. c5 Rf8 28.
h3 Rfe8 29. Re3 b5 30. Ra1 Rxe3 31. Bxe3 Re4 32. Bf2 f4 33. Re1 Rxe1+ 34. Bxe1
f3 35. Qe3 fxg2+ 36. Kxg2 Qf5 37. Qe8+ Kg7 38. Qxc6 Qc2+ 39. Bf2 Bh4 40. Qb7+
Kh6 41. Qf3 Bxf2 42. Qxf2 Qe4+ 43. Kg3 Qd3+ 44. Qf3 1-0

[Event "Groningen Chess Festival 2007"]
[Site "Groningen NED"]
[Date "2007.12.21"]
[Round "1.10"]
[White "Adly, Ahmed"]
[Black "Balje, Jan"]
[Result "1-0"]
[PlyCount "149"]
[EventDate "2007.12.21"]
[EventType "swiss"]
[EventRounds "9"]
[EventCountry "NED"]
[Source "lmi"]
[SourceDate "2007.12.21"]
[WhiteElo "2494"]
[BlackElo "2222"]

1. Nf3 d5 2. d4 Nf6 3. c4 dxc4 4. Nc3 a6 5. a4 Nc6 6. Bg5 h6 7. Bh4 Bg4 8. e3
Na5 9. h3 Bxf3 10. Qxf3 e6 11. Be2 Be7 12. O-O O-O 13. Rad1 c6 14. e4 b5 15. d5
exd5 16. exd5 Nxd5 17. Bg3 Qb6 18. Nxd5 cxd5 19. Rxd5 Rad8 20. Rfd1 Rxd5 21.
Rxd5 Rd8 22. axb5 axb5 23. Rxd8+ Qxd8 24. Qf5 Qd2 25. Bh5 g6 26. Bxg6 fxg6 27.
Qxg6+ Kf8 28. Qf5+ Kg8 29. Qxb5 Bf6 30. Bc7 Qxb2 31. Qxa5 c3 32. Qd5+ Kg7 33.
Qd7+ Kg8 34. Qg4+ Kh7 35. Qd7+ Kg8 36. Qe8+ Kg7 37. Bd6 c2 38. Bf8+ Kh7 39.
Qe4+ Kg8 40. Bxh6 c1=Q+ 41. Bxc1 Qxc1+ 42. Kh2 Qc7+ 43. g3 Qe5 44. Qf3 Kf7 45.
h4 Ke6 46. Qc6+ Qd6 47. Qe8+ Kf5 48. Kh3 Qd1 49. Qc8+ Kg6 50. Qg8+ Kf5 51. Qh7+
Ke6 52. Qe4+ Kf7 53. f3 Qd4 54. Qh7+ Kf8 55. Qf5 Qe5 56. Kg4 Kg7 57. Qd7+ Qe7
58. Qc6 Kf7 59. h5 Qe6+ 60. Qxe6+ Kxe6 61. h6 Bd4 62. Kg5 Kf7 63. Kf5 Bf2 64.
g4 Kg8 65. Kg6 Be3 66. g5 Bd2 67. Kf5 Kh7 68. f4 Bc1 69. Kg4 Bd2 70. f5 Bc3 71.
Kh5 Bb2 72. f6 Ba3 73. g6+ Kg8 74. g7 Bb2 75. Kg6 1-0

[Event "Groningen Chess Festival 2007"]
[Site "Groningen NED"]
[Date "2007.12.21"]
[Round "1.11"]
[White "Vogel, Jaap"]
[Black "Lobzhanidze, Davit"]
[Result "1/2-1/2"]
[PlyCount "69"]
[EventDate "2007.12.21"]
[EventType "swiss"]
[EventRounds "9"]
[EventCountry "NED"]
[Source "lmi"]
[SourceDate "2007.12.21"]
[WhiteElo "2218"]
[BlackElo "2489"]

1. Nf3 c5 2. g3 Nc6 3. Bg2 g6 4. c3 Bg7 5. d4 cxd4 6. cxd4 d6 7. Nc3 Nf6 8. O-O
O-O 9. h3 Nd7 10. e4 b6 11. a4 Bb7 12. Be3 Rc8 13. Rc1 h6 14. Qe2 Kh7 15. Rfd1
Nb4 16. h4 Nf6 17. Nd2 Qd7 18. Nb5 Rc2 19. Rxc2 Nxc2 20. Nc3 Ng4 21. Nf1 Ncxe3
22. Nxe3 Nxe3 23. Qxe3 Rc8 24. Kh2 Rc4 25. Bh3 e6 26. Bf1 Rb4 27. Bb5 Bc6 28.
Rd2 Bxb5 29. axb5 Qc7 30. f4 Qc4 31. e5 dxe5 32. dxe5 Bf8 33. Qf3 Rb3 34. h5
Qc7 35. Qd1 1/2-1/2

[Event "Groningen Chess Festival 2007"]
[Site "Groningen NED"]
[Date "2007.12.21"]
[Round "1.13"]
[White "Kleijn, Christov"]
[Black "Hoffmann, Michael"]
[Result "0-1"]
[PlyCount "76"]
[EventDate "2007.12.21"]
[EventType "swiss"]
[EventRounds "9"]
[EventCountry "NED"]
[Source "lmi"]
[SourceDate "2007.12.21"]
[WhiteElo "2210"]
[BlackElo "2471"]

1. e4 c5 2. Nf3 d6 3. d4 cxd4 4. Nxd4 Nf6 5. Nc3 a6 6. Bg5 e6 7. f4 Qb6 8. Qd2
Qxb2 9. Rb1 Qa3 10. f5 Nc6 11. fxe6 fxe6 12. Nxc6 bxc6 13. e5 dxe5 14. Bxf6
gxf6 15. Ne4 Qxa2 16. Rd1 Be7 17. Be2 O-O 18. O-O Ra7 19. Qh6 Qxc2 20. Bd3 Qb3
21. Bb1 f5 22. Rd3 Qb6+ 23. Kh1 Rf7 24. Ba2 Kh8 25. Nd6 Bxd6 26. Rxd6 Rae7 27.
Rfd1 Re8 28. Qc1 Rg7 29. Rxc6 Qb8 30. Rd2 a5 31. Rb2 Qa8 32. Rc7 Reg8 33. Rxg7
Rxg7 34. Qc5 Bb7 35. Qxe5 Bxg2+ 36. Kg1 Qa7+ 37. Rf2 Bh3+ 38. Kh1 Qb7+ 0-1

[Event "Groningen Chess Festival 2007"]
[Site "Groningen NED"]
[Date "2007.12.21"]
[Round "1.15"]
[White "Vinke, Andreas"]
[Black "Spoelman, Wouter"]
[Result "0-1"]
[PlyCount "108"]
[EventDate "2007.12.21"]
[EventType "swiss"]
[EventRounds "9"]
[EventCountry "NED"]
[Source "lmi"]
[SourceDate "2007.12.21"]
[WhiteElo "2173"]
[BlackElo "2445"]

1. c4 Nf6 2. Nf3 b6 3. g3 Bb7 4. Bg2 e6 5. O-O Be7 6. Nc3 O-O 7. Re1 Ne4 8.
Nxe4 Bxe4 9. d3 Bb7 10. e4 c5 11. Be3 Nc6 12. d4 cxd4 13. Nxd4 Nxd4 14. Qxd4
Qc7 15. Bf4 Qc6 16. Red1 Rad8 17. Rac1 d6 18. Qd3 f5 19. f3 g5 20. Be3 g4 21.
Bh6 gxf3 22. Qxf3 Rf7 23. Rf1 Qxe4 24. Qxe4 Bxe4 25. Rfe1 d5 26. cxd5 exd5 27.
Bf4 Bc5+ 28. Kh1 Re8 29. Rcd1 d4 30. a3 a5 31. h3 Rfe7 32. Bd2 a4 33. Kh2 d3
34. Bg5 Re6 35. Rd2 Bd4 36. g4 Be5+ 37. Kg1 Bd4+ 38. Kh2 fxg4 39. hxg4 Bxg2 40.
Rxe6 Rxe6 41. Rxd3 Bxb2 42. Kxg2 Rg6 43. Rd8+ Kf7 44. Be3 Bxa3 45. Rd7+ Be7 46.
Ra7 a3 47. Bc1 Ke6 48. Kf3 b5 49. Bxa3 Bxa3 50. Rxa3 Kd5 51. Ra7 h6 52. Rb7 Kc4
53. Kf4 b4 54. Kf5 Rc6 0-1

[Event "Groningen Chess Festival 2007"]
[Site "Groningen NED"]
[Date "2007.12.21"]
[Round "1.16"]
[White "Swinkels, Robin"]
[Black "Cako, Laszlo"]
[Result "1-0"]
[PlyCount "65"]
[EventDate "2007.12.21"]
[EventType "swiss"]
[EventRounds "9"]
[EventCountry "NED"]
[Source "lmi"]
[SourceDate "2007.12.21"]
[WhiteElo "2433"]
[BlackElo "2168"]

1. e4 e5 2. Nf3 Nc6 3. Bb5 a6 4. Bxc6 dxc6 5. O-O f6 6. d4 exd4 7. Nxd4 c5 8.
Ne2 Qxd1 9. Rxd1 Bd7 10. Be3 O-O-O 11. Nbc3 Bd6 12. Bf4 Bxf4 13. Nxf4 Ne7 14.
f3 Nc6 15. Ncd5 Rde8 16. Nh5 Rhg8 17. Ne3 Be6 18. Kf2 Re7 19. Rd2 Rd8 20. Rxd8+
Kxd8 21. Nf4 Bg8 22. Rd1+ Ke8 23. Nf5 Rf7 24. Ne6 g6 25. Nh6 Re7 26. Nxc5 Bxa2
27. b3 Nb4 28. Ng8 Rf7 29. Nxb7 Kf8 30. Nh6 Re7 31. Ra1 Rd7 32. Ke2 c5 33. Na5
1-0

[Event "Groningen Chess Festival 2007"]
[Site "Groningen NED"]
[Date "2007.12.21"]
[Round "1.17"]
[White "Van den Berg, Harmen"]
[Black "Pruijssers, Roeland"]
[Result "0-1"]
[PlyCount "104"]
[EventDate "2007.12.21"]
[EventType "swiss"]
[EventRounds "9"]
[EventCountry "NED"]
[Source "lmi"]
[SourceDate "2007.12.21"]
[WhiteElo "2167"]
[BlackElo "2408"]

1. e4 e5 2. Bc4 Nf6 3. d3 Nc6 4. Nc3 Na5 5. Bb3 c6 6. f4 d6 7. Nf3 Nxb3 8. axb3
exf4 9. Bxf4 Be7 10. O-O O-O 11. Kh1 d5 12. e5 Nh5 13. Bd2 f6 14. Qe2 Bg4 15.
d4 fxe5 16. dxe5 Nf4 17. Qf2 Ng6 18. Qd4 Qd7 19. Rae1 b6 20. b4 Rad8 21. Na4
Bf5 22. Rc1 h6 23. b3 Be4 24. Nc3 c5 25. bxc5 Bxc5 26. Qa4 Bxf3 27. gxf3 Nxe5
28. Qxd7 Rxd7 29. f4 Ng4 30. Rce1 Rf5 31. Kg2 Nf6 32. Re5 Rxe5 33. fxe5 Ne4 34.
Nxe4 dxe4 35. Bc3 Rf7 36. b4 Rxf1 37. Kxf1 Be3 38. Ke2 Bf4 39. e6 g5 40. Bf6 g4
41. c4 a5 42. bxa5 bxa5 43. Bc3 a4 44. Bb4 Kg7 45. Be7 Kg6 46. Ba3 Kf6 47. e7
Kf7 48. Kf2 Bxh2 49. Ke3 g3 50. Bd6 a3 51. Kxe4 a2 52. Be5 g2 0-1

[Event "Groningen Chess Festival 2007"]
[Site "Groningen NED"]
[Date "2007.12.21"]
[Round "1.19"]
[White "Otte, Marijn"]
[Black "Van Oosterom, Chiel"]
[Result "1-0"]
[PlyCount "125"]
[EventDate "2007.12.21"]
[EventType "swiss"]
[EventRounds "9"]
[EventCountry "NED"]
[Source "lmi"]
[SourceDate "2007.12.21"]
[WhiteElo "2155"]
[BlackElo "2401"]

1. e4 c5 2. Nf3 d6 3. d4 cxd4 4. Nxd4 Nf6 5. Nc3 a6 6. Bg5 Nbd7 7. Bc4 Qa5 8.
Qd2 e6 9. O-O-O b5 10. Bb3 Bb7 11. Rhe1 Be7 12. f4 Nc5 13. Bxf6 gxf6 14. a3 b4
15. axb4 Qxb4 16. Qe2 h5 17. Kb1 O-O-O 18. Bc4 Rd7 19. Nb3 Rc7 20. Nxc5 Rxc5
21. Bb3 Kb8 22. f5 Re5 23. Qf3 Rxf5 24. exf5 Bxf3 25. gxf3 Rd8 26. fxe6 fxe6
27. Rxe6 Bf8 28. Bd5 f5 29. Rd3 Ka7 30. Rf6 Re8 31. Rf7+ Kb8 32. Nd1 Qa5 33.
Rb7+ Kc8 34. Rc3+ Kd8 35. Rb8+ Ke7 36. Re3+ Kd7 37. Rexe8 Qxd5 38. Nc3 Qxf3 39.
Rxf8 f4 40. Rf7+ Ke6 41. Rbf8 Qh1+ 42. Ka2 Qxh2 43. Kb3 h4 44. Rxf4 h3 45. Rh4
d5 46. Rfh8 d4 47. Rxd4 Qg2 48. Rdh4 Qb7+ 49. Ka2 Qg2 50. Re4+ Kf7 51. Reh4
Qxc2 52. Rxh3 Qf5 53. R8h6 Qa5+ 54. Kb1 Qf5+ 55. Kc1 a5 56. R3h4 Kg7 57. R6h5
Qf3 58. Kc2 Kg6 59. Kb3 Qb7+ 60. Rb5 Qf7+ 61. Rd5 Qb7+ 62. Ka2 Qe7 63. Ra4 1-0

[Event "Groningen Chess Festival 2007"]
[Site "Groningen NED"]
[Date "2007.12.21"]
[Round "1.21"]
[White "Jellema, Yme Jan"]
[Black "De Jong, Migchiel"]
[Result "0-1"]
[PlyCount "54"]
[EventDate "2007.12.21"]
[EventType "swiss"]
[EventRounds "9"]
[EventCountry "NED"]
[Source "lmi"]
[SourceDate "2007.12.21"]
[WhiteElo "2119"]
[BlackElo "2341"]

1. e4 c5 2. Nf3 e6 3. d4 cxd4 4. Nxd4 a6 5. c4 Nf6 6. Nc3 Qc7 7. Bd3 Nc6 8.
Nxc6 dxc6 9. O-O e5 10. a3 Bc5 11. Bg5 Bg4 12. Be2 Rd8 13. Qc2 Be6 14. Nd1 Qe7
15. b4 Bd4 16. Rb1 h6 17. Bd2 O-O 18. b5 cxb5 19. Bb4 Bc5 20. cxb5 Rc8 21. Bc3
axb5 22. Rxb5 Bd4 23. Qb2 Rxc3 24. Nxc3 Nxe4 25. Rxb7 Qh4 26. Rb4 Bxf2+ 27. Kh1
Ng3# 0-1

[Event "Groningen Chess Festival 2007"]
[Site "Groningen NED"]
[Date "2007.12.21"]
[Round "1.22"]
[White "Geurink, Jasper"]
[Black "Wielenga, Wiebe"]
[Result "1-0"]
[PlyCount "75"]
[EventDate "2007.12.21"]
[EventType "swiss"]
[EventRounds "9"]
[EventCountry "NED"]
[Source "lmi"]
[SourceDate "2007.12.21"]
[WhiteElo "2339"]
[BlackElo "2118"]

1. e4 e5 2. Nf3 Nc6 3. Nc3 Nf6 4. g3 d6 5. Bg2 g6 6. O-O Bg7 7. d3 O-O 8. h3
Nd7 9. Nh4 Nc5 10. Nd5 Ne6 11. c3 Ne7 12. Be3 c6 13. Nxe7+ Qxe7 14. Qe1 Nf4 15.
Bxf4 exf4 16. d4 Bd7 17. Qd2 Bh6 18. Qd3 Rae8 19. Rae1 Qd8 20. Nf3 Qa5 21. a3
Be6 22. Nd2 Qa6 23. Qc2 Bd7 24. g4 Bg7 25. Nf3 c5 26. Rd1 Bc6 27. Rfe1 Re7 28.
Bf1 b5 29. d5 Bd7 30. Qd2 Be5 31. a4 Qc8 32. Nxe5 Rxe5 33. Qxf4 bxa4 34. Bg2
Rfe8 35. Qf6 h5 36. f4 R5e7 37. gxh5 Bxh3 38. h6 1-0

[Event "Groningen Chess Festival 2007"]
[Site "Groningen NED"]
[Date "2007.12.21"]
[Round "1.23"]
[White "Pham, Toan Thanh"]
[Black "Van Ketel, Raoul"]
[Result "1/2-1/2"]
[PlyCount "66"]
[EventDate "2007.12.21"]
[EventType "swiss"]
[EventRounds "9"]
[EventCountry "NED"]
[Source "lmi"]
[SourceDate "2007.12.21"]
[WhiteElo "2100"]
[BlackElo "2336"]

1. e4 e6 2. d4 d5 3. Nc3 dxe4 4. Nxe4 Nd7 5. Nf3 Ngf6 6. Bd3 c5 7. Nxc5 Bxc5 8.
dxc5 Nxc5 9. Bb5+ Bd7 10. Bxd7+ Qxd7 11. O-O O-O 12. Qxd7 Ncxd7 13. Bg5 Rfc8
14. c3 Nd5 15. Rfd1 h6 16. Be3 Rc7 17. Bd2 N7b6 18. Be1 Na4 19. Rab1 b5 20. Nd4
a6 21. Kf1 Rac8 22. a3 g5 23. Rd2 Kg7 24. Re2 Nab6 25. Rd1 Nf4 26. Rc2 Kg6 27.
Bd2 Nfd5 28. Bc1 Rd7 29. Re1 Nc4 30. Nf3 Rd6 31. Rce2 Nf4 32. Bxf4 gxf4 33.
Ne5+ Nxe5 1/2-1/2

[Event "Groningen Chess Festival 2007"]
[Site "Groningen NED"]
[Date "2007.12.21"]
[Round "1.24"]
[White "Clemens, Adrian HP"]
[Black "Pijpers, Arthur"]
[Result "1/2-1/2"]
[PlyCount "49"]
[EventDate "2007.12.21"]
[EventType "swiss"]
[EventRounds "9"]
[EventCountry "NED"]
[Source "lmi"]
[SourceDate "2007.12.21"]
[WhiteElo "2316"]
[BlackElo "2000"]

1. d4 Nf6 2. c4 c5 3. d5 b5 4. Nf3 g6 5. Nfd2 Qa5 6. Nc3 b4 7. Nce4 Nxe4 8.
Nxe4 d6 9. Nd2 Bg7 10. e4 O-O 11. Bd3 Qb6 12. O-O a5 13. a3 a4 14. axb4 Qxb4
15. Ra2 Bd7 16. Bc2 Ra5 17. Re1 Na6 18. Re3 Ra8 19. Rea3 Qb6 20. Bxa4 Nb4 21.
Ra1 Bxa4 22. Rxa4 Rxa4 23. Rxa4 Rxa4 24. Qxa4 Nd3 25. Qb3 1/2-1/2

[Event "Groningen Chess Festival 2007"]
[Site "Groningen NED"]
[Date "2007.12.22"]
[Round "2.1"]
[White "Banikas, Hristos"]
[Black "Swinkels, Robin"]
[Result "1/2-1/2"]
[WhiteElo "2591"]
[BlackElo "2433"]
[PlyCount "104"]
[EventDate "2007.12.21"]
[EventType "swiss"]
[EventRounds "9"]
[EventCountry "NED"]
[Source "lmi"]
[SourceDate "2007.12.21"]

1. d4 Nf6 2. c4 g6 3. g3 Bg7 4. Bg2 d5 5. cxd5 Nxd5 6. e4 Nb6 7. Ne2 e5 8. d5
c6 9. Nbc3 cxd5 10. exd5 O-O 11. O-O Na6 12. b3 f5 13. Ba3 Rf7 14. Qd2 Bd7 15.
Rfd1 Rc8 16. Rac1 Bf8 17. Bxf8 Qxf8 18. d6 Bc6 19. Nd5 Qxd6 20. Nxb6 Qxd2 21.
Rxd2 axb6 22. Bd5 Nc5 23. Bxf7+ Kxf7 24. f4 Ne4 25. Rcd1 Ra8 26. Rc2 exf4 27.
Nxf4 Ng5 28. Kf2 Re8 29. Re2 Ne4+ 30. Kg1 Ra8 31. Rc2 Ng5 32. h3 Re8 33. Rc3
Nf3+ 34. Kf1 Ng5 35. Kg1 Nf3+ 36. Kf2 Ng5 37. Re3 Ra8 38. a4 b5 39. axb5 Bxb5
40. g4 Ra2+ 41. Kg1 Bc6 42. Rf1 Be4 43. gxf5 gxf5 44. Rg3 Ne6 45. Nxe6 Kxe6 46.
Rf4 Rb2 47. Rf2 Rb1+ 48. Rf1 Rb2 49. h4 h5 50. Rf2 Rb1+ 51. Rf1 Rb2 52. Rf2
Rb1+ 1/2-1/2

[Event "Groningen Chess Festival 2007"]
[Site "Groningen NED"]
[Date "2007.12.22"]
[Round "2.3"]
[White "Mastrovasilis, Dimitrios"]
[Black "Hendriks, Willy"]
[Result "1-0"]
[WhiteElo "2559"]
[BlackElo "2402"]
[PlyCount "125"]
[EventDate "2007.12.21"]
[EventType "swiss"]
[EventRounds "9"]
[EventCountry "NED"]
[Source "lmi"]
[SourceDate "2007.12.21"]

1. e4 c5 2. Nf3 Nc6 3. d4 cxd4 4. Nxd4 e5 5. Nb5 d6 6. Be3 Be7 7. Nd2 Nf6 8.
Bg5 O-O 9. Bxf6 Bxf6 10. Nc4 Nd4 11. Nxd4 exd4 12. Bd3 d5 13. Nd2 dxe4 14. Nxe4
Bf5 15. O-O Bxe4 16. Bxe4 Qb6 17. Qf3 Rae8 18. Rae1 Re7 19. Bd3 Rfe8 20. Rxe7
Rxe7 21. a4 g6 22. a5 Qd6 23. g3 Kg7 24. a6 b6 25. Kg2 Re5 26. Ra1 b5 27. Qb7
Qd5+ 28. Qxd5 Rxd5 29. f4 Bd8 30. Kf3 Bb6 31. Ke4 Rc5 32. Re1 f5+ 33. Kf3 Kf7
34. h3 h5 35. g4 hxg4+ 36. hxg4 fxg4+ 37. Kxg4 Bc7 38. Rg1 Rc6 39. Rh1 Kg7 40.
Re1 Kf7 41. Re4 Rxa6 42. Bxb5 Rd6 43. Bc4+ Kf6 44. Re8 Bb6 45. Rf8+ Kg7 46.
Rf7+ Kh6 47. Bd3 Rc6 48. Rd7 Rc7 49. Rd6 Kg7 50. Rxg6+ Kf7 51. Rd6 Re7 52. Bc4+
Ke8 53. f5 Re4+ 54. Kg5 Ke7 55. Rh6 Re5 56. Kf4 Re1 57. f6+ Kd7 58. Rh7+ Kc6
59. f7 Bc5 60. Rh8 Bd6+ 61. Kf3 Kc5 62. Rc8+ Kb4 63. Bd3 1-0